| 000 | 00880nas a2200277 4500 | ||
|---|---|---|---|
| 001 | BR8805791 | ||
| 003 | BR-BrBNA | ||
| 005 | 20231205091320.0 | ||
| 007 | ta | ||
| 008 | 230509b bl.|||p| |||| 00| 00por d | ||
| 040 |
_aBR-BrBNA _bpor _cBiblioteca Nacional de Agricultura |
||
| 041 | _a(Pt) | ||
| 072 | _aM40 | ||
| 100 | 1 | _aOdebrecht, C. | |
| 100 | 1 | _aCaruso Junior, F. | |
| 245 | 1 | _aHidrografia e materia particulada em suspensao na Lagoa de Conceicao, Ilha de Santa Catarina, Brasil | |
| 246 | 1 | _a[Hidrography in Conceicao Lagoon, island of Santa Catarina, Brazil] | |
| 650 | _aBIOLOGIA AQUATICA | ||
| 650 | _aTEMPERATURA | ||
| 650 | _aSALINIDADE | ||
| 650 | _aFITOPLANCTON | ||
| 650 | _aSANTA CATARINA | ||
| 773 | 0 |
_tAtlantica (Brazil) _xISSN 0102-1656 _g(1987), v. 9(1) p. 83-104 _wBR8805791 |
|
| 909 |
_a202311 _bLúcia _c55 _dLúcia Elande |
||
| 942 |
_2AGRIS _n0 _cANA |
||
| 999 |
_c124309 _d124309 |
||